| Tag |
First Indicator |
Second Indicator |
Subfields |
| LEADER |
00000cam a2200000 a 4500 |
| 001 |
in00000009309 |
| 005 |
20151007051523.0 |
| 008 |
880113s1986 lu a bs i00000 eng |
| 010 |
|
|
|a 87134246
|
| 020 |
|
|
|a 9282564533 (pbk.) :
|c $16.00
|
| 035 |
|
|
|a (OCoLC)15095857
|
| 035 |
|
|
|9 AAA3391AM
|
| 040 |
|
|
|a DLC
|c DLC
|d TXA
|d UtOrBLW
|
| 043 |
|
|
|a e------
|
| 049 |
|
|
|a TXAM
|c [A11027410]
|
| 050 |
0 |
0 |
|a HD8039.F32
|b E867 1986
|
| 082 |
0 |
|
|a 331.7/63/094
|2 19
|
| 245 |
0 |
0 |
|a Study of outside gainful activities of farmers and their spouses in the E.E.C. /
|c Peat Marwick Mitchell.
|
| 264 |
|
1 |
|a Luxembourg :
|b Office for Official Publications of the European Communities ;
|a [Washington, DC] :
|b [European Community Information Service, sales and subscriptions],
|c 1986.
|
| 300 |
|
|
|a 177 pages :
|b illustrations ;
|c 29 cm.
|
| 336 |
|
|
|a text
|b txt
|2 rdacontent
|
| 337 |
|
|
|a unmediated
|b n
|2 rdamedia
|
| 338 |
|
|
|a volume
|b nc
|2 rdacarrier
|
| 504 |
|
|
|a Includes bibliographies.
|
| 650 |
|
0 |
|a Farmers
|z European Economic Community countries
|x Supplementary employment.
|
| 650 |
|
0 |
|a Farmers' spouses
|x Employment
|z European Economic Community countries.
|
| 710 |
2 |
|
|a Peat, Marwick, Mitchell & Co.
|
| 999 |
|
|
|a MARS
|
| 999 |
f |
f |
|s f8f3ab2a-3f64-3114-9bbb-0fd1d51cbf02
|i d2a600aa-946a-3ef0-8aa4-220e51177f42
|t 0
|
| 952 |
f |
f |
|p ric
|a Texas A&M University
|b Rellis Campus
|c Joint Library Facility
|d Remote Storage
|t 0
|e HD8039.F32 E867 1986
|h Library of Congress classification
|i unmediated -- volume
|m A14811027410
|
| 998 |
f |
f |
|a HD8039.F32 E867 1986
|t 0
|l Remote Storage
|